KOHA-Header-6

Vision to Destiny:A Struggle Towards Success (Record no. 9750)

000 -LEADER
fixed length control field 00228nam a2200097Ia 4500
100 ## - MAIN ENTRY--AUTHOR NAME
Personal name Haji, Esa Kachi
245 #0 - TITLE STATEMENT
Title Vision to Destiny:A Struggle Towards Success
260 ## - PUBLICATION, DISTRIBUTION, ETC. (IMPRINT)
Place of publication karachi
Name of publisher Junagadh
Year of publication 2003
300 ## - PHYSICAL DESCRIPTION
Number of Pages 2008
942 ## - ADDED ENTRY ELEMENTS (KOHA)
Koha item type Books
Holdings
Withdrawn status Lost status Collection code Permanent Location Current Location Shelving location Date acquired Full call number Accession Number Koha item type
    English Literature MAJU MAJU Shelf No.A15 2019-09-14 332.1095 5685 English Literature

Powered by Koha